Statistiken für Alle Pokémon der 3. Generation

Klicken Sie hier um das Quiz zu spielen!

Allgemein

  • Dieses Quiz wurde 7 mal gespielt
  • Das Durchschnittsergebnis liegt bei 77 aus 135

Antwortstatistiken

3. Generation% Korrekt
Flemmli
100%
Geckarbor
100%
Gewaldro
100%
Hydropi
100%
Jungglut
100%
Lohgock
100%
Moorabbel
100%
Reptain
100%
Sumpex
100%
Absol
80%
Armaldo
80%
Blanas
80%
Camaub
80%
Camerupt
80%
Fiffyen
80%
Frizelbliz
80%
Geradaks
80%
Groudon
80%
Guardevoir
80%
Kappalores
80%
Kecleon
80%
Kyogre
80%
Lombrero
80%
Loturzel
80%
Magnayen
80%
Meditie
80%
Minun
80%
Plusle
80%
Rayquaza
80%
Samurzel
80%
Tengulist
80%
Tohaido
80%
Trasla
80%
Vipitis
80%
Voltenso
80%
Zigzachs
80%
Aalabyss
60%
Altaria
60%
Anorith
60%
Bummelz
60%
Formeo
60%
Hariyama
60%
Jirachi
60%
Kirlia
60%
Krebscorps
60%
Krebutack
60%
Latias
60%
Latios
60%
Lepumentas
60%
Letarking
60%
Libelldra
60%
Liliep
60%
Lunastein
60%
Makuhita
60%
Muntier
60%
Nasgnet
60%
Noktuska
60%
Palimpalim
60%
Panekon
60%
Papinella
60%
Pelipper
60%
Perlu
60%
Pudox
60%
Puppance
60%
Qurtel
60%
Regice
60%
Regirock
60%
Registeel
60%
Relicanth
60%
Roselia
60%
Saganabyss
60%
Schaloko
60%
Schwalbini
60%
Schwalboss
60%
Sengo
60%
Sonnfel
60%
Tuska
60%
Vibrava
60%
Wablu
60%
Wailmer
60%
Wailord
60%
Welsar
60%
Wielie
60%
Wingull
60%
Azurill
40%
Barschwa
40%
Brutalanda
40%
Deoxys
40%
Draschel
40%
Eneco
40%
Enekoro
40%
Firnontor
40%
Flunkifer
40%
Flurmel
40%
Groink
40%
Kanivanha
40%
Kindwurm
40%
Knacklion
40%
Krakeelo
40%
Krawumms
40%
Maskeregen
40%
Meditales
40%
Metagross
40%
Metang
40%
Milotic
40%
Nincada
40%
Ninjask
40%
Ninjatom
40%
Pandir
40%
Schluppuck
40%
Schmerbe
40%
Schneppke
40%
Seejong
40%
Seemops
40%
Spoink
40%
Stolloss
40%
Stollrak
40%
Stollunior
40%
Tanhel
40%
Tropius
40%
Walraisa
40%
Waunpel
40%
Zobiris
40%
Banette
20%
Gehweiher
20%
Illumise
20%
Isso
20%
Kapilz
20%
Knilz
20%
Liebiskus
20%
Schluckwech
20%
Shuppet
20%
Volbeat
20%
Zwirrklop
20%
Zwirrlicht
20%

Verteilung der Resultate

Perzentil nach korrekt beantworteten Fragen

Anzahl Personen mit jedem Resultat

Ihre Resultats-Entwicklung

Sie haben dieses Quiz noch nicht gespielt